| 000 | 01275 a2200277 4500 | ||
|---|---|---|---|
| 003 | Nust | ||
| 005 | 20220804152551.0 | ||
| 010 | _a 99018752 | ||
| 020 | _a0521660653 (hb) | ||
| 040 | _cNust | ||
| 082 | 0 | 0 | _a621.367,SEU |
| 100 | 1 |
_aSeul, Michael. _996547 |
|
| 245 | 1 | 0 |
_aPractical algorithms for image analysis : (Include CD) _bdescription, examples, and code / _cMichael Seul, Lawrence O'Gorman, Michael J. Sammon. |
| 260 |
_aCambridge ; _aNew York : _bCambridge University Press, _c2000. |
||
| 300 |
_av, 295 p. : _bill. ; _c26 cm. |
||
| 505 | _a Introduction (Page-1, Global Image Analysis (Page-21), Gray-Scale Image Analysis (Page-56), Binary Image Analysis (Page-118), Analysis Of Lines And Line Patterns (Page-176), Analysis Of Point Patterns (Page-221), Frequency Domain Analysis (Page-246). | ||
| 650 | 0 | _aTelecommunication Engineering. | |
| 650 | 0 | _x. | |
| 651 |
_a(Include CD) _98953 |
||
| 700 | 1 |
_aO'Gorman, Lawrence. _996548 |
|
| 700 | 1 |
_aSammon, Michael J. _996549 |
|
| 856 | 4 | 1 |
_3Publisher description _uhttp://www.loc.gov/catdir/description/cam029/99018752.html |
| 856 | 4 | 1 |
_3Sample text _uhttp://www.loc.gov/catdir/samples/cam032/99018752.html |
| 856 | 4 | 1 |
_3Table of contents _uhttp://www.loc.gov/catdir/toc/cam023/99018752.html |
| 942 |
_cREF _2ddc |
||
| 999 |
_c193469 _d193469 |
||